LEADER 01775nam 2200553 a 450 001 9910144671503321 005 20201027152525.0 010 $a1-280-58938-8 010 $a9786613619211 010 $a0-470-71974-5 010 $a0-470-71739-4 035 $a(CKB)1000000000687987 035 $a(SSID)ssj0000715106 035 $a(PQKBManifestationID)11377547 035 $a(PQKBTitleCode)TC0000715106 035 $a(PQKBWorkID)10700375 035 $a(PQKB)11751252 035 $a(MiAaPQ)EBC703816 035 $a(EXLCZ)991000000000687987 100 $a20710129d1970 uy 0 101 0 $aeng 135 $aurcn||||||||| 181 $ctxt 182 $cc 183 $acr 200 10$aAlzheimer's disease and related conditions$b[electronic resource] $ea Ciba Foundation symposium /$fedited by G.E.W. Wolstenholme and Maeve O'Connor 210 $aLondon $cJ. & A. Churchill$d1970 215 $axi, 316 p. $cill., ports 225 1 $aA Ciba Foundation symposium 300 $aBibliographic Level Mode of Issuance: Monograph 311 $a0-470-66279-4 311 $a0-7000-1484-5 320 $aIncludes bibliographical references and indexes. 410 0$aCiba Foundation symposium. 606 $aAlzheimer's disease$vCongresses 608 $aElectronic books. 615 0$aAlzheimer's disease 676 $a616.8/3 701 $aWolstenholme$b G. E. W$g(Gordon Ethelbert Ward)$063039 701 $aO'Connor$b Maeve$0284912 712 02$aCiba Foundation. 712 12$aSymposium on Alzheimer's Disease and Related Conditions 801 0$bMiAaPQ 801 1$bMiAaPQ 801 2$bMiAaPQ 906 $aBOOK 912 $a9910144671503321 996 $aAlzheimer's disease and related conditions$91935379 997 $aUNINA LEADER 02990nam 2200469z- 450 001 9910166646303321 005 20210211 035 $a(CKB)3710000001092136 035 $a(oapen)https://directory.doabooks.org/handle/20.500.12854/42564 035 $a(oapen)doab42564 035 $a(EXLCZ)993710000001092136 100 $a20202102d2016 |y 0 101 0 $aeng 135 $aurmn|---annan 181 $ctxt$2rdacontent 182 $cc$2rdamedia 183 $acr$2rdacarrier 200 00$aCa2+ Signaling and Heart Rhythm 210 $cFrontiers Media SA$d2016 215 $a1 online resource (133 p.) 225 1 $aFrontiers Research Topics 311 08$a2-88919-874-X 330 $aCa2+ is a key second messenger in the intricate workings of the heart. In cardiac myocytes, Ca2+ signaling controls or modulates electrophysiological function, excitation-contraction coupling, contractile function, energy balance, cell death, and gene transcription. Thus, diverse Ca2+-dependent regulatory processes occur simultaneously within a cell. Yet, distinct signals can be resolved by local Ca2+ sensitive protein complexes and differential Ca2+ signal integration. In addition to its importance to normal cardiac function, such regulation is also crucial in disease conditions. Ca2+ is likely involved in ectopic cardiac rhythms in both atrial and ventricular tissues through generating triggered activity often appearing as delayed afterdepolarisations, particularly following cellular Ca overloading. Recent studies also implicate Ca2+ in Na+ channel expression and properties with consequences for conduction velocity and therefore arrhythmic substrate. At the cellular level, such regulation involves control of the activity of membrane ion channels and Ca2+ handling proteins. These in turn involve multiple extra- and intracellular signaling pathways. This e-book assembles review and original articles from experts in this field. It summarises major recent progress bearing on roles of Ca2+ in cardiac electrophysiological function encompassing both normal and abnormal cardiac function. These extend from physiological roles of Ca2+ signaling in pacemaker function, in particular generation of sino-atrial pacemaker potentials, to pathological roles of abnormal Ca2+ signaling in both atrial and ventricular arrhythmogenesis. It also seeks to bridge the gap between advances in basic science and development of new therapies. 606 $aPhysiology$2bicssc 610 $aCa2+ 610 $aHeart 610 $aOrai1 610 $aPak1 610 $aPP2A 610 $aSA node 610 $aSTIM1 610 $aTRPC 610 $avoltage gated Ca2+ channels 615 7$aPhysiology 700 $aChristopher L.-H. Huang$4auth$01277604 702 $aYunbo Ke$4auth 702 $aR. John Solaro$4auth 702 $aMing Lei$4auth 906 $aBOOK 912 $a9910166646303321 996 $aCa2+ Signaling and Heart Rhythm$93011710 997 $aUNINA